000 00674nam a22001937a 4500
005 20180416151856.0
010 _aENG-122585
020 _a9789352806164
_c695.00
035 _aEN-106117
037 _bDBAD/PUB
082 _a371.394
100 _aGregory, Gayle H.
245 _aDifferentiated instructional strategies :
_cby Gayle H. Gregory
_bprofessional learning guide - one size doesn't fit all /
260 _aNew Delhi
_bSage Publications
_c2018
270 _aB-1/I-1, Mohan Cooperative Industrial Area, Mathura Road,
_bNew Delhi
_e110044
300 _a148p.
_c25cm.(pbk)
_bill.
500 _aIt include index
942 _2ddc
_cEN
_mGRE
_h371.394
999 _c151238
_d151238